000 00667nam a22002177a 4500
003 OSt
008 260629b |||||||| |||| 00| 0 eng d
020 _a9781668459744
082 _a362.8292
_bI43R
100 _aIRMA
245 _aResearch Anthology on Child and Domestic Abuse and Its Prevention /
_cby Information Resources Management Association
260 _a.- USA
_b: IGI Global
_c, 2022
300 _avol.- l, (xxii,470); vol.- ll, (xxii,471-976)p.
365 _e50374.35
650 _aSocial Sciences
650 _aSocial Problems and Services
650 _aChild Abuse
650 _aDomestic Abuse
650 _aFamily Violence
942 _2ddc
_cRFB
999 _c52490
_d52490